000 00597nam1a22002051i 4500
001 rc\208741
005 20240723213824.0
035 _a(NLR Aleph) 005622312
090 _a6505875
_c6505875
100 _a20030307g19929999u |0rusy50 ca
101 0 _arus
102 _aRU
105 _ay |||||||||
200 1 _aЧаша Востока. Письма Махатмы
_fПер. Искандер Ханум (Е.И. Рерих)
210 _aСПб.
_cФонд "Вахта Мира"
_d1992-
215 _d20
801 0 _aRU
_bNLR
_gpsbo
801 1 _aRU
_bELAR
_2rusmarc
852 _aNLR
_j92-3/7202
942 _cBOOK